| 000 | 01075cad a22002295a 4500 | ||
|---|---|---|---|
| 001 | L146864 | ||
| 008 | 090304s2009 xxub f s 000 0 eng d | ||
| 035 | _a(Sirsi) u146864 | ||
| 041 | 0 | _aeng | |
| 050 | 0 | 4 | _a333.33 $2 18 |
| 110 | 2 |
_aPramerica Real Estate Investors _95594 |
|
| 245 | 0 | 0 |
_aAsian quarterly market perspective _h[electronic resource] |
| 260 |
_aParsipanny, NJ _bPramerica Real Estate Investors _c2009 |
||
| 490 | 0 |
_aPREI Asian Quarterly Market Perspective _vJanuary 2009 |
|
| 520 | _aReports that the credit crunch hit Asian economies very hard in 2008, especially the second half of the year, and expects the situation to remain challenging in 2009. Predicts the cost of debt will remain high as the region undergoes deleveraging and that investment sales will continue to be low in 2009. | ||
| 521 | _aAdvanced | ||
| 590 | _aKA | ||
| 651 | 4 |
_aUnited States _y1959- |
|
| 690 | _aPROPERTY-COMMERCIAL PROPERTY-COMMERCIAL PROPERTY MARKET | ||
| 856 | 4 | 0 |
_uhttps://www.pramericarei.com/ _zView the item free of charge at www.pramericarei.com... |
| 942 | _n0 | ||
| 999 |
_c109322 _d109322 |
||